Magnetism condensed matter

Shranjeno v:
Bibliografske podrobnosti
Glavni avtor: Blundell, Stephen (Author)
Format: Knjiga
Jezik:angleščina
Izdano: Nueva York Oxford University 2001
Izdaja:1a. ed
Serija:Oxford Master Series in Condensed Matter Physics
Teme:
Oznake: Označite
Brez oznak, prvi označite!

MARC

LEADER 00000nam a2200000 a 4500
001 UCH7825
003 CL-VaPUC
008 091126e20010000US |||||||||||||||||eng|d
020 |a 9780198505914 
082 0 4 |a 530.41  |b BLU  |2 21 
100 0 |a Blundell, Stephen  |e author  |9 544175 
245 1 0 |a Magnetism condensed matter 
250 |a 1a. ed 
300 |a 238 p 
942 |c BK 
945 |d 20091126 00:00:00  |a cmena 
260 |a Nueva York  |b Oxford University  |c 2001 
650 7 |a MATERIA CONDENSADA  |2 CL-VaPUC  |9 544176 
650 7 |a FISICA DE LA MATERIA  |2 CL-VaPUC  |9 358362 
650 0 |a Física del estado solido  |9 315365 
650 7 |a ESTRUCTURA DE LA MATERIA  |2 CL-VaPUC  |9 392583 
650 7 |a PROPIEDADES MAGNETICAS  |2 CL-VaPUC  |9 544177 
583 |a last modification  |c 20091126 00:00:00  |k Rodrigo Vera 
490 0 |a Oxford Master Series in Condensed Matter Physics 
999 |c 338173  |d 338171 
952 |0 0  |1 0  |4 0  |6 530_410000000000000_BLU_2001  |7 0  |8 A  |9 431037  |a BIBCUR  |b BIBCUR  |d 2019-11-22  |i 462193K  |o 530.41 BLU 2001  |p 462193K  |r 2025-04-22  |w 2019-11-22  |y BK  |k DCF